00657 2200241 4500001002100000005001700021008004100038020001800079035002400097040001200121082002200133090002900155100001300184245006200197250001000259260003100269300002400300500002900324650002000353850001200373990001500385990001500400YOGYA-0209000006671220090227091920.0 ind  a979-413-972-6 0010-020900000066712 aYOPDYOG a725.143 065 982 2 a726.143 095 982 2bMur B aMURCIPTO aBorobudur, Pawon dan MendutcMoertjipto, Bambang Prasetyo aCet.5 aYogyakartabKanisiusc1993 a93 hlmbilusc19 cm aBibliografi : hlm. 87-89 aCandi Borobudur aYOPDYOG a751-B/2000 a00B0000753